LEADER 03240nam 22004813 450 001 9910999621003321 005 20241230084506.0 010 $a9791221504750$b(electronic bk.) 010 $z9791221504743 035 $a(MiAaPQ)EBC31860477 035 $a(Au-PeEL)EBL31860477 035 $a(CKB)37084390900041 035 $a(Exl-AI)31860477 035 $a(NjHacI)9937084390900041 035 $a(EXLCZ)9937084390900041 100 $a20241230d2024 uy 0 101 0 $aita 135 $aurcnu|||||||| 181 $ctxt$2rdacontent 182 $cc$2rdamedia 183 $acr$2rdacarrier 200 10$aCento Anni Di Slavistica a Padova $eContributi Presentati Al VII Congresso Italiano Di Slavistica. Volume 1 205 $a1st ed. 210 1$aFlorence :$cFirenze University Press,$d2024. 210 4$dİ2024. 215 $a1 online resource (212 pages) 225 1 $aBiblioteca Di Studi Slavistici Series ;$vv.57 311 08$aPrint version: Benacchio, Rosanna Cento Anni Di Slavistica a Padova Florence : Firenze University Press,c2024 9791221504743 327 $atitle page -- copyright page -- table of contents -- Prefazione -- Rosanna Benacchio -- Considerazioni introduttive sulla storia della slavistica in Italia -- Giovanna Brogi Bercoff -- La fondazione della cattedra di Filologia slava a Padova: Giovanni Maver -- Maria Cecilia Ghetti -- Ettore Lo Gatto a Padova -- Gabriele Mazzitelli -- Ancora su Arturo Cronia: la letteratura serba -- Rosanna Morabito -- La prospettiva comparatistica degli studi slavi a Padova -- Guido Baldassarri -- Evel Gasparini: per un profilo dell?uomo e dello studioso -- Donatella Possamai -- Considerazioni a margine di ?Evel Gasparini: per un profilo dell?uomo e dello studioso? -- Remo Faccani -- La filologia di Natalino Radovich -- Rosanna Benacchio -- Appendice iconografica$7Generated by AI. 330 $aThe volume offers a comprehensive reconstruction of the salient moments in the history of Slavic studies at the University of Padua and sheds new light on the figures of the scholars considered, as well as on the role they played within Slavic studies based in Italy. Starting with Giovanni Maver, who first held the Chair of Slavic Philology in Padua, and continuing with Ettore Lo Gatto, Arturo Cronia, Evel Gasparini and Natalino Radovich as his successors, their scientific, organizational and didactic merits are highlighted and their work is put in historical context. The volume is rounded off by an appendix of images which presents unpublished archive documents regarding the history of Paduan Slavic studies, as well as reproductions of the main publications authored by slavists who taught at Padua University at the University of Padova from the 1920s onward. 410 0$aBiblioteca Di Studi Slavistici Series 606 $aSlavic languages$xGrammar 606 $aSlavic languages$xDialects 615 0$aSlavic languages$xGrammar. 615 0$aSlavic languages$xDialects. 676 $a491.8 700 $aBenacchio$b Rosanna$01346911 801 0$bMiAaPQ 801 1$bMiAaPQ 801 2$bMiAaPQ 912 $a9910999621003321 996 $aCento Anni Di Slavistica a Padova$94378332 997 $aUNINA